Catálogo público

Programa de cómputo para el manejo de explotaciones de bovinos lecheros / (Record no. 164881)

MARC details
000 -CABECERA
campo de control de longitud fija 00823nam a2200265Ia 4500
001 - NÚMERO DE CONTROL
campo de control Z_1789
003 - IDENTIFICADOR DEL NÚMERO DE CONTROL
campo de control CHAP
008 - DATOS DE LONGITUD FIJA--INFORMACIÓN GENERAL
campo de control de longitud fija 220113s1996 xx 000 0 und d
010 ## - NÚMERO DE CONTROL DE LA BIBLIOTECA DEL CONGRESO
Número de control de LC 164881
040 ## - FUENTE DE LA CATALOGACIÓN
Centro/agencia transcriptor CHAP
090 ## - LOCALMENTE ASIGNADO TIPO-LC NÚMERO DE CLASIFICACIÓN (OCLC); NÚMERO DE CLASIFICACIÓN LOCAL (RLIN)
Número de clasificación (OCLC) (R) ; Numero de clasificación, CALL (RLIN) (NR) Tesis E 1200
100 ## - ENTRADA PRINCIPAL--NOMBRE DE PERSONA
Nombre de persona Estrella Quintero, Heriberto
9 (RLIN) 38469
245 ## - MENCIÓN DE TÍTULO
Título Programa de cómputo para el manejo de explotaciones de bovinos lecheros /
Mención de responsabilidad, etc. por Heriberto Estrella Quintero
260 ## - PUBLICACIÓN, DISTRIBUCIÓN, ETC.
Lugar de publicación, distribución, etc. Chapingo, Méx. :
Nombre del editor, distribuidor, etc. El autor,
Fecha de publicación, distribución, etc. 1996
300 ## - DESCRIPCIÓN FÍSICA
Extensión 91 h
502 ## - NOTA DE TESIS
Nota de tesis Tesis (Maestro en Ciencias Especialista en Producción Animal) -- UACH. Departamento de Zootecnia
650 ## - PUNTO DE ACCESO ADICIONAL DE MATERIA--TÉRMINO DE MATERIA
Término de materia o nombre geográfico como elemento de entrada Ganado lechero
Subdivisión general Producción
9 (RLIN) 45288
650 ## - PUNTO DE ACCESO ADICIONAL DE MATERIA--TÉRMINO DE MATERIA
Término de materia o nombre geográfico como elemento de entrada Procesamiento automático de datos en ganadería
901 ## - ELEMENTOS DE DATOS A LOCAL LDA (RLIN)
a TESIS E 1200
902 ## - ELEMENTOS DE DATOS B LOCAL, LDB (RLIN)
a M
910 ## - DATOS DE OPCIÓN DEL USUARIO (OCLC)
Datos de opción del usuario 1996
942 ## - ELEMENTOS DE PUNTO DE ACCESO ADICIONAL (KOHA)
Tipo de ítem Koha Tesis_
942 ## - ELEMENTOS DE PUNTO DE ACCESO ADICIONAL (KOHA)
Tipo de ítem Koha Tesis_
Holdings
Estado de retiro Estado de pérdida Fuente del sistema de clasificación o colocación Estado dañado Restricciones de uso No para préstamo Código de colección Localización permanente Ubicación/localización actual Fecha de adquisición Fuente de adquisición Total de préstamos Signatura topográfica completa Código de barras Fecha visto por última vez Número de copia Precio válido a partir de Tipo de ítem Koha
    Clasificación Universidad Autónoma de Chapingo   Préstamo interno   Tesis Zootecnia Zootecnia 09/11/2005 El autor   Tesis E88 1200 1996 5101001853 18/01/2022 Ej.1 18/01/2022 Tesis
    Clasificación Universidad Autónoma de Chapingo     Excluido de préstamo Tesis Zootecnia Zootecnia 09/11/2005 El autor   Tesis E88 1200 1996 5101001854 18/01/2022 Ej.2 18/01/2022 Tesis